000 01194nam0a22002891 4500
001 rc\4112765
005 20260406120425.0
021 _aRU
_b[49-26732]
035 _a(NLR Aleph) 008146859
090 _a9520318
_c9520318
100 _a20130415d1949 |||y0rusy50 ca
101 0 _arus
102 _aRU
105 _aa z |||||
200 1 _aСказка о попе и о работнике его Балде
_e[Для мл. возраста
_fИл.: А. Каневсикй]
210 _aМосква
_aЛенинград
_cИзд-во и ф-ка дет. книги Детгиза в М.
_d1949
215 _a16 с.
_cил.
_d28
300 _aПеред загл. авт.: А.С. Пушкин
608 _aСказки (д. л.)
_2psbo
700 1 _7ca
_8rus
_aПушкин
_bА. С.
_cпоэт
_f1799-1837
_gАлександр Сергеевич
_9110441
_3RU\NLR\AUTH\77386
702 1 _4440
_aКаневский
_bА. М.
_cхудожник-иллюстратор
_f1898-1976
_gАминадав Моисеевич
_9102716
_3RU\NLR\AUTH\77119791
801 0 _aRU
_bNLR
_gpsbo
801 1 _aRU
_bELAR
_2rusmarc
852 _aNLR
_jПушкин/2-С-423-575
942 _cBOOK
980 _aNB